Josep M. Codina (Record no. 169821)

MARC details
000 -LEADER
campo de control de longitud fija 00760nam a2200205 i 4500
001 - NÚMERO DE CONTROL
campo de control 169821
003 - IDENTIFICADOR DE NÚMERO DE CONTROL
campo de control ES-MaACL
005 - FECHA Y HORA DE LA ÚLTIMA TRANSACCIÓN
campo de control 20230906214215.0
008 - DATOS DE LONGITUD FIJA--INFORMACIÓN GENERAL
campo de control de longitud fija 081203s2002 sp a c |||| | spa d
020 ## - NÚMERO INTERNACIONAL ESTÁNDAR DEL LIBRO
Número Internacional Estándar del Libro 84-95835-11-8
080 ## - NÚMERO DE LA CLASIFICACIÓN DECIMAL UNIVERSAL
Número de la Clasificación Decimal Universal 75 Codina, Josep M. (083.824)
100 1# - ENTRADA PRINCIPAL--NOMBRE DE PERSONA
Nombre de persona Codina, Josep M.
9 (RLIN) 138980
245 10 - MENCIÓN DEL TÍTULO
Título Josep M. Codina
Resto del título : del 9 de maig al 16 de juny de 2002, Museu d'Art Modern, Tarragona.
260 ## - PUBLICACIÓN, DISTRIBUCIÓN, ETC.
Lugar de publicación, distribución, etc. Tarragona :
Nombre del editor, distribuidor, etc. Museu d'Art Modern de la Diputació de Tarragona,
Fecha de publicación, distribución, etc. [2002]
300 ## - DESCRIPCIÓN FÍSICA
Extensión [32] p. :
Otras características físicas principalmente il. ;
Dimensiones 15 cm.
594 ## - Nota al título y mención de responsabilidad
Nota al título y mención de responsabilidad Textos en castellano, catalán, alemán e inglés.
600 14 - PUNTO DE ACCESO ADICIONAL DE MATERIA--NOMBRE DE PERSONA
Nombre de persona Codina, Josep M.-
Subdivisión de forma Exposiciones.
9 (RLIN) 163466
710 2# - ENTRADA AGREGADA--NOMBRE DE ENTIDAD CORPORATIVA
Nombre de entidad corporativa o nombre de jurisdicción como elemento de entrada Museu d'Art Modern (Tarragona)
9 (RLIN) 5935
852 ## - LOCALIZACIÓN
Ubicación ES-MaACL
Número de control de estantería 2239-F-12
Holdings
Estatus retirado Estado de pérdida Estado de daño No para préstamo Colección Biblioteca de origen Biblioteca actual Ubicación en estantería Fecha de adquisición Fuente de adquisición Total de préstamos Signatura topográfica completa Código de barras Visto por última vez Precio de reemplazo Tipo de ítem Koha
        Colección de folletos Biblioteca del Ateneo de Madrid Biblioteca del Ateneo de Madrid Depósito folletos 03/12/2008     2239-F-12 1178293 23/02/2023 23/02/2023 Folleto